Countries of the World Containing "L" - Statistics

General Stats
  • This quiz has been taken 352 times
    256 since last reset
  • The average score is 56 of 63
Answer Stats
Hint Answer % Correct
Latvia
99%
Lithuania
99%
Laos
98%
Finland
97%
Bolivia
96%
Iceland
96%
Ireland
96%
Liechtenstein
96%
Brazil
95%
Europe Albania
94%
Belgium
94%
Colombia
94%
Libya
94%
Luxembourg
94%
Slovenia
94%
Africa Algeria
93%
Oceania Australia
93%
Slovakia
93%
Belarus
92%
Lebanon
92%
Liberia
92%
Moldova
92%
New Zealand
92%
Portugal
92%
Chile
91%
Lesotho
91%
Malaysia
91%
Poland
91%
Solomon Islands
91%
Venezuela
91%
Bulgaria
89%
Dominican Republic
89%
El Salvador
89%
Mali
89%
Marshall Islands
89%
Mongolia
89%
Nepal
89%
Netherlands
89%
Senegal
89%
Switzerland
89%
Thailand
89%
Tuvalu
89%
Israel
88%
Italy
88%
Malta
88%
Palau
88%
Americas Belize
87%
Democratic Republic of the Congo
87%
Maldives
87%
Angola
86%
Malawi
86%
Saint Lucia
86%
Somalia
86%
Central African Republic
84%
Guatemala
84%
Philippines
84%
Republic of the Congo
84%
Seychelles
84%
Sri Lanka
84%
Equatorial Guinea
81%
Asia Bangladesh
80%
Sierra Leone
80%
Timor Leste
40%
No matching quizzes found
Score Distribution
Percent of People with Each Score
Percentile by Number Answered
Your Score History
You have not taken this quiz since the last reset